| 000 | 00398nam a2200169 a 4500 | ||
|---|---|---|---|
| 001 | 1767590575895 | ||
| 003 | ACL | ||
| 005 | 20260105105717.0 | ||
| 008 | 260105s2026##################000#0#eng## | ||
| 020 | _a9780753716229 | ||
| 082 | 0 | 4 |
_a641.774 _bBOU |
| 100 | 1 |
_aBounty, _eauthor. |
|
| 245 | 1 | 0 | _aCook's Library: Stir- Fries : |
| 300 | _a96 pages | ||
| 942 | _cENGLISH | ||
| 040 |
_aACL _beng _cACL |
||
| 999 |
_c607299 _d607299 |
||